[Event "Titled Tuesday intern op 16th Apr Late"]
[Site "Chess.com INT"]
[Date "2024.04.16"]
[Round "2"]
[White "Mao, Fengxi"]
[Black "Marino Bravo, Miguel Angel"]
[Result "0-1"]
[WhiteElo "2132"]
[BlackElo "2140"]
[PlyCount "52"]
[EventDate "2024.04.16"]
[EventType "swiss (blitz)"]
[EventRounds "11"]
[EventCountry "USA"]
[SourceTitle "CB17_2024"]
[SourceDate "2024.04.24"]
[SourceVersion "1"]
[SourceVersionDate "2024.04.24"]
[SourceQuality "1"]

1. e4 c5 2. Nf3 Nc6 3. Bb5 g6 4. 0-0 Bg7 5. Nc3 Nf6 6. e5 Ng4 7. Bxc6 bxc6 8. Re1 0-0 9. h3 Nh6 10. d3 d6 11. Bf4 Nf5 12. Ne4 h5 13. Qd2 Be6 14. Nfg5 Bd5 15. c4 Bxe4 16. dxe4 Nd4 17. exd6 exd6 18. Be3 Re8 19. Rad1 Qf6 20. b4 Rab8 21. bxc5 dxc5 22. f4 Red8 23. e5 Qe7 24. Qf2 f6 25. exf6 Qxf6 26. Ne4 Qf8 0-1

[Event "Titled Tuesday intern op 02nd Apr Early"]
[Site "Chess.com INT"]
[Date "2024.04.02"]
[Round "9"]
[White "Mao, Fengxi"]
[Black "Gokhale, Rishabh Chandrashek"]
[Result "1/2-1/2"]
[WhiteElo "2132"]
[BlackElo "2079"]
[PlyCount "75"]
[EventDate "2024.04.02"]
[EventType "swiss (blitz)"]
[EventRounds "11"]
[EventCountry "USA"]
[SourceTitle "CB15_2024"]
[SourceDate "2024.04.10"]
[SourceVersion "1"]
[SourceVersionDate "2024.04.10"]
[SourceQuality "1"]

1. Nf3 d6 2. d4 g6 3. b3 Bg7 4. Bb2 Nf6 5. g3 0-0 6. Bg2 Nc6 7. 0-0 e5 8. dxe5 Ng4 9. c4 Ngxe5 10. Nc3 Re8 11. Qd2 Nxf3+ 12. Bxf3 Bh3 13. Rfe1 a6 14. Nd5 Ne5 15. Bh1 Be6 16. f4 Bxd5 17. cxd5 Nd7 18. Bxg7 Kxg7 19. e4 Qf6 20. Rac1 Rac8 21. Re3 c5 22. dxc6 Rxc6 23. Rd1 Rc7 24. Rd3 d5 25. Rxd5 Nc5 26. e5 Qb6 27. Qd4 Rec8 28. Rd6 Qb5 29. Bd5 Qe2 30. Bc4 Qf3 31. e6+ Kh6 32. exf7 Ne4 33. Re6 Rd7 34. Qxd7 Qf2+ 35. Kh1 Qf3+ 36. Kg1 Qf2+ 37. Kh1 Qf3+ 38. Kg1 1/2-1/2

[Event "Titled Tuesday intern op 02nd Apr Early"]
[Site "Chess.com INT"]
[Date "2024.04.02"]
[Round "6"]
[White "Mao, Fengxi"]
[Black "Ricaurte Lopez, Juan Carlos"]
[Result "1-0"]
[WhiteElo "2132"]
[BlackElo "2226"]
[PlyCount "37"]
[EventDate "2024.04.02"]
[EventType "swiss (blitz)"]
[EventRounds "11"]
[EventCountry "USA"]
[SourceTitle "CB15_2024"]
[SourceDate "2024.04.10"]
[SourceVersion "1"]
[SourceVersionDate "2024.04.10"]
[SourceQuality "1"]

1. Nf3 d5 2. b3 c5 3. e3 Nc6 4. Bb2 a6 5. d4 Bg4 6. dxc5 Nf6 7. a3 e5 8. b4 e4 9. h3 Bh5 10. g4 Nxg4 11. hxg4 Bxg4 12. Be2 exf3 13. Bxf3 Bxf3 14. Qxf3 Qd7 15. Nc3 0-0-0 16. 0-0-0 Ne7 17. Qxf7 h6 18. Rh5 g5 19. Nxd5 1-0

[Event "Titled Tuesday intern op 05th Sep Late"]
[Site "Chess.com INT"]
[Date "2023.09.05"]
[Round "2"]
[White "Mao, Fengxi"]
[Black "Yanchenko, Roman"]
[Result "0-1"]
[WhiteElo "2118"]
[BlackElo "2466"]
[PlyCount "74"]
[EventDate "2023.09.05"]
[EventType "swiss (blitz)"]
[EventRounds "11"]
[EventCountry "USA"]
[SourceTitle "EXT 2024"]
[Source "ChessBase"]
[SourceDate "2023.10.10"]
[SourceVersion "1"]
[SourceVersionDate "2023.10.10"]
[SourceQuality "1"]

1. Nf3 d5 2. b3 Nf6 3. Bb2 Bf5 4. g3 c5 5. Bg2 Nc6 6. 0-0 e6 7. d3 Be7 8. Nbd2 0-0 9. Ne5 Nxe5 10. Bxe5 Bg6 11. e4 Qd7 12. Qe2 Bh5 13. f3 Rfd8 14. Rad1 h6 15. g4 Bg6 16. f4 b5 17. f5 exf5 18. exf5 Bh7 19. h4 Ne8 20. Qf2 Rac8 21. Qg3 f6 22. Bf4 Kf8 23. c4 Bg8 24. g5 hxg5 25. hxg5 fxg5 26. Bxg5 Bxg5 27. Qxg5 Nf6 28. Nf3 Qd6 29. Nh4 Bf7 30. Ng6+ Bxg6 31. fxg6 dxc4 32. dxc4 Qxd1 33. Rxd1 Rxd1+ 34. Kh2 bxc4 35. Qf5 Rc7 36. Qe5 Rdd7 37. bxc4 Ng4+ 0-1

[Event "Scarborough CC Howard Ridout"]
[Site "Toronto"]
[Date "2018.10.11"]
[Round "5.2"]
[White "Issani, Nameer"]
[Black "Mao, Fengxi"]
[Result "1-0"]
[WhiteElo "2184"]
[BlackElo "1842"]
[PlyCount "75"]
[EventDate "2018.09.13"]
[EventType "swiss"]
[EventRounds "7"]
[EventCountry "CAN"]
[SourceTitle "EXT 2022"]
[Source "ChessBase"]
[SourceDate "2021.10.06"]
[SourceVersion "1"]
[SourceVersionDate "2021.10.06"]
[SourceQuality "1"]

1. d4 Nf6 2. c4 e6 3. Nc3 Bb4 4. e3 0-0 5. Nge2 d6 6. a3 Bxc3+ 7. Nxc3 e5 8. Be2 Nbd7 9. 0-0 Re8 10. b3 Nf8 11. dxe5 dxe5 12. Qc2 c6 13. Rd1 Qc7 14. c5 Bg4 15. Bxg4 Nxg4 16. Ne4 Red8 17. Bb2 Qe7 18. Nd6 Nf6 19. Qf5 Ng6 20. h4 Nxh4 21. Qxe5 Qxe5 22. Bxe5 Ng6 23. Bxf6 gxf6 24. Nxb7 Rxd1+ 25. Rxd1 Ne5 26. f4 Ng4 27. Rd8+ Rxd8 28. Nxd8 Nxe3 29. Nxc6 Nd5 30. Nxa7 Nxf4 31. c6 Nd5 32. Nb5 Nb6 33. c7 Nc8 34. a4 Kf8 35. a5 Ke7 36. a6 Kd7 37. a7 Nb6 38. Kf2 1-0

[Event "Scarborough CC Howard Ridout"]
[Site "Toronto"]
[Date "2018.09.20"]
[Round "2.3"]
[White "Mao, Fengxi"]
[Black "Palacios, Bobby"]
[Result "1/2-1/2"]
[WhiteElo "1842"]
[BlackElo "2065"]
[PlyCount "39"]
[EventDate "2018.09.13"]
[EventType "swiss"]
[EventRounds "7"]
[EventCountry "CAN"]
[SourceTitle "EXT 2022"]
[Source "ChessBase"]
[SourceDate "2021.10.06"]
[SourceVersion "1"]
[SourceVersionDate "2021.10.06"]
[SourceQuality "1"]

1. e4 e5 2. Nf3 Nc6 3. Bb5 a6 4. Ba4 Nf6 5. 0-0 Nxe4 6. d4 b5 7. Bb3 d5 8. dxe5 Be6 9. c3 Bc5 10. Nbd2 0-0 11. Qe2 Nxd2 12. Bxd2 Bg4 13. Rfe1 Re8 14. Bf4 Ne7 15. h3 Ng6 16. Bh2 Be6 17. Rad1 c6 18. Nd4 Bxd4 19. cxd4 Qg5 20. Qe3 1/2-1/2

[Event "CAN-ch U20 U1800"]
[Site "Toronto"]
[Date "2018.08.10"]
[Round "5.12"]
[White "Mao, Fengxi"]
[Black "Gauthier, David1111"]
[Result "1-0"]
[WhiteElo "1522"]
[BlackElo "1622"]
[PlyCount "81"]
[EventDate "2018.08.08"]
[EventType "swiss"]
[EventRounds "9"]
[EventCountry "CAN"]
[SourceTitle "EXT 2022"]
[Source "ChessBase"]
[SourceDate "2021.10.06"]
[SourceVersion "1"]
[SourceVersionDate "2021.10.06"]
[SourceQuality "1"]

1. e4 c5 2. Nf3 d6 3. d4 cxd4 4. Nxd4 Nf6 5. Nc3 a6 6. Be2 e5 7. Nb3 Be7 8. Be3 Be6 9. 0-0 0-0 10. Qd3 b5 11. a4 b4 12. Nd5 Bxd5 13. exd5 a5 14. c4 bxc3 15. bxc3 Nbd7 16. Rab1 Nb6 17. Bxb6 Qxb6 18. Nd4 Qc7 19. Nc6 Rfc8 20. c4 Bd8 21. Rb5 Nd7 22. Bg4 Ra6 23. Qh3 Rb6 24. Bxd7 Rxb5 25. axb5 Ra8 26. Bf5 g6 27. Bc2 Bg5 28. Rb1 Bd2 29. Qd3 Bg5 30. Ba4 Qb6 31. Qa3 e4 32. Qxd6 Qb7 33. b6 e3 34. Nd4 exf2+ 35. Kxf2 Be7 36. Qc6 Qb8 37. b7 Qf4+ 38. Nf3 Rf8 39. b8Q Rxb8 40. Rxb8+ Qxb8 41. Qe8+ 1-0